000 00262 a2200109 4500
090 _c4264
_d4264
100 _aAndrew S. Tanenbaum
245 _aComputer Networks
250 _a3rd Ed.
260 _aPrentice Hall
_bNew Delhi
_c1999
942 _aNBS
_cBK
_k005.754 TAN
999 _c346711
_d346711